A brief atlas of the human body / (Post nr. 37400)
[ visa ren ]
| 000 -LEADER | |
|---|---|
| fixed length control field | 01721cam a22004817i 4500 |
| 001 - CONTROL NUMBER | |
| control field | 70789 |
| 005 - DATE AND TIME OF LATEST TRANSACTION | |
| control field | 20200727154132.0 |
| 008 - FIXED-LENGTH DATA ELEMENTS--GENERAL INFORMATION | |
| fixed length control field | 141020s2014 enka||||||||||001 0|eng| |
| 020 ## - INTERNATIONAL STANDARD BOOK NUMBER | |
| International Standard Book Number | 9781292026404 |
| Qualifying information | pbk |
| 020 ## - INTERNATIONAL STANDARD BOOK NUMBER | |
| International Standard Book Number | 1292026405 |
| Qualifying information | pbk |
| 035 ## - SYSTEM CONTROL NUMBER | |
| System control number | (OCoLC)ocn871481536 |
| 035 ## - SYSTEM CONTROL NUMBER | |
| System control number | (SE-LIBR)17051134 |
| 041 ## - LANGUAGE CODE | |
| Language code of text/sound track or separate title | eng |
| 050 00 - LIBRARY OF CONGRESS CALL NUMBER | |
| Classification number | QM25 |
| Item number | .H88 2003 |
| 050 #4 - LIBRARY OF CONGRESS CALL NUMBER | |
| -- | Z |
| Classification number | QP 31 |
| 082 04 - DEWEY DECIMAL CLASSIFICATION NUMBER | |
| Classification number | 611.00222 |
| Edition number | 22 |
| 084 ## - OTHER CLASSIFICATION NUMBER | |
| Classification number | Vb |
| Number source | kssb/8 (machine generated) |
| 245 02 - TITLE STATEMENT | |
| Title | A brief atlas of the human body / |
| Statement of responsibility, etc. | Matt Hutchinson, Jon B. Mallatt, Elaine N. Marieb, Patricia Brady Wilhelm. |
| 246 30 - VARYING FORM OF TITLE | |
| Title proper/short title | Human Body |
| 250 ## - EDITION STATEMENT | |
| Edition statement | Second edition, Pearson new international edition. |
| 264 #1 - PRODUCTION, PUBLICATION, DISTRIBUTION, MANUFACTURE, AND COPYRIGHT NOTICE | |
| Place of production, publication, distribution, manufacture | Harlow, Essex : |
| Name of producer, publisher, distributor, manufacturer | Pearson Education, |
| Date of production, publication, distribution, manufacture, or copyright notice | 2014 |
| 264 #4 - PRODUCTION, PUBLICATION, DISTRIBUTION, MANUFACTURE, AND COPYRIGHT NOTICE | |
| Date of production, publication, distribution, manufacture, or copyright notice | |
| 300 ## - PHYSICAL DESCRIPTION | |
| Extent | vi, 190 pages |
| Other physical details | colour illustrations |
| Dimensions | 28 cm. |
| 336 ## - CONTENT TYPE | |
| Content type term | still image |
| Content type code | sti |
| Source | rdacontent |
| 336 ## - CONTENT TYPE | |
| Content type term | text |
| Content type code | txt |
| Source | rdacontent |
| 337 ## - MEDIA TYPE | |
| Media type term | unmediated |
| Media type code | n |
| Source | rdamedia |
| 338 ## - CARRIER TYPE | |
| Carrier type term | volume |
| Carrier type code | nc |
| Source | rdacarrier |
| 340 ## - PHYSICAL MEDIUM | |
| Dimensions | 28 cm. |
| 490 1# - SERIES STATEMENT | |
| Series statement | Pearson custom library |
| 500 ## - GENERAL NOTE | |
| General note | "Pearson custom library" |
| 500 ## - GENERAL NOTE | |
| General note | Designed to complement, Human anatomy & physiology / Elaine N. Marieb, Katja N. Hoehn, Pearson new international edition. |
| 504 ## - BIBLIOGRAPHY, ETC. NOTE | |
| Bibliography, etc. note | Includes index. |
| 655 #7 - INDEX TERM--GENRE/FORM | |
| Genre/form data or focus term | Atlases. |
| Source of term | fast |
| 698 ## - LOCAL SUBJECT ADDED ENTRY--MEETING NAME (RLIN) | |
| -- | Z |
| 698 ## - LOCAL SUBJECT ADDED ENTRY--MEETING NAME (RLIN) | |
| -- | Z |
| 700 1# - ADDED ENTRY--PERSONAL NAME | |
| Personal name | Marieb, Elaine Nicpon, |
| Dates associated with a name | 1936- |
| Title of a work | Human anatomy and physiology. |
| 700 1# - ADDED ENTRY--PERSONAL NAME | |
| Personal name | Marieb, Elaine Nicpon, |
| Dates associated with a name | 1936- |
| Title of a work | Human anatomy. |
| 700 1# - ADDED ENTRY--PERSONAL NAME | |
| Personal name | Hutchinson, Matt |
| 700 1# - ADDED ENTRY--PERSONAL NAME | |
| Personal name | Hutchings, R. T. |
| Authority record control number or standard number | https://libris.kb.se/dbqsvgrx2vz0p3w#it |
| 740 0# - ADDED ENTRY--UNCONTROLLED RELATED/ANALYTICAL TITLE | |
| Uncontrolled related/analytical title | Human Anatomy & Physiology. |
| 830 #0 - SERIES ADDED ENTRY--UNIFORM TITLE | |
| Uniform title | Pearson custom library |
| 900 ## - EQUIVALENCE OR CROSS-REFERENCE-PERSONAL NAME [LOCAL, CANADA] | |
| Linkage | 700 |
| Affiliation | Hutchings, R. T. |
| Withdrawn status | Lost status | Source of classification or shelving scheme | Damaged status | Not for loan | Home library | Current library | Date acquired | Total Checkouts | Full call number | Barcode | Date last seen | Price effective from | Koha item type |
|---|---|---|---|---|---|---|---|---|---|---|---|---|---|
| Other/Generic Classification Scheme | Karlskoga Lasarettsbibliotek | Karlskoga Lasarettsbibliotek | 19/08/2020 | QS 17 | 26345004262 | 19/08/2020 | 19/08/2020 | Bok |